000 00488nam a2200193Ia 4500
005 20250508154603.0
008 008 250505s9999 xx 000 0 hin d
020 _a81-7371-036-8
037 _aTextual
040 _aFEDL
_beng
_cFEDL
041 _ahin
_2eng
084 _aB, BOS
_qFEDL
100 _aBose Subhas Chandra
245 0 _aPatravali
260 _aMeerut, India
_bMeenakshi Prakashan
300 _a286p
942 _cTEXL
_hB, BOS
999 _c1351039
_d1351039